000
00323cam a2200145ua 4500
041
_a
eng
_h
082
_a
335.4
_b
MAX/WA
100
_a
K. Marx, Marx .
245
_a
Wage Labourar and capital
260
_a
Moscow :
_b
foreign language ,
_c
1891.
300
_a
80 ; .
504
_a
942
_c
BK
999
_c
11166
_d
11166